Towards larger NR consumption in India (Record no. 71414)

MARC details
000 -LEADER
fixed length control field 00356nam a2200145Ia 4500
100 ## - MAIN ENTRY--AUTHOR NAME
Personal name Mathew N M
245 #0 - TITLE STATEMENT
Title Towards larger NR consumption in India
260 ## - PUBLICATION, DISTRIBUTION, ETC. (IMPRINT)
Name of publisher Planters Chronicle
Year of publication 2000
300 ## - PHYSICAL DESCRIPTION
Number of Pages 89-93
650 ## - SUBJECT ADDED ENTRY--TOPICAL TERM
Topical Term India
650 ## - SUBJECT ADDED ENTRY--TOPICAL TERM
Topical Term Rubber consumption
650 ## - SUBJECT ADDED ENTRY--TOPICAL TERM
Topical Term SGN rubber
942 ## - ADDED ENTRY ELEMENTS (KOHA)
Koha item type Journals
Holdings
Withdrawn status Lost status Damaged status Not for loan Home library Current library Shelving location Date acquired Serial Enumeration / chronology Koha item type
      Journals RRII Library RRII Library Rubber general 17/12/2021 Volume 96, Issue 2 Journals